Wiley Cpa exam review impact Audios : Audting and attestation
Wiley CPA Examination Review Impact Audios, Second Edition contains dynamic lectures on vital parts and modules of the new computerised CPA Examination. The audios are designed to facilitate memory and reinforce key concepts. They are filled with mnemonic devices, exam strategies, and a thorough rev...
Сохранить в:
| Главный автор: | |
|---|---|
| Формат: | |
| Язык: | Undetermined |
| Опубликовано: |
New York
Wiley
2005
|
| Предметы: | |
| Метки: |
Добавить метку
Нет меток, Требуется 1-ая метка записи!
|
| Thư viện lưu trữ: | Trung tâm Học liệu Trường Đại học Cần Thơ |
|---|
| LEADER | 00925nam a2200217Ia 4500 | ||
|---|---|---|---|
| 001 | CTU_103726 | ||
| 008 | 210402s9999 xx 000 0 und d | ||
| 082 | |a 657.45 | ||
| 082 | |b H793/CD.1 | ||
| 100 | |a Hopkins, Debra | ||
| 245 | 0 | |a Wiley Cpa exam review impact Audios : | |
| 245 | 0 | |b Audting and attestation | |
| 245 | 0 | |c Debra Hopkins | |
| 260 | |a New York | ||
| 260 | |b Wiley | ||
| 260 | |c 2005 | ||
| 520 | |a Wiley CPA Examination Review Impact Audios, Second Edition contains dynamic lectures on vital parts and modules of the new computerised CPA Examination. The audios are designed to facilitate memory and reinforce key concepts. They are filled with mnemonic devices, exam strategies, and a thorough review of the skills and concepts needed to pass the exam. | ||
| 650 | |a Auditing | ||
| 650 | |x Examinations, questions, etc | ||
| 904 | |i Tuyến | ||
| 980 | |a Trung tâm Học liệu Trường Đại học Cần Thơ | ||